Taxmann's indirect taxes : (Record no. 140618)

MARC details
000 -LEADER
fixed length control field 00848nam a22002177a 4500
005 - DATE AND TIME OF LATEST TRANSACTION
control field 20170531142720.0
010 ## - LCCN (DPL NO)
LC control number 16-17EN
020 ## - INTERNATIONAL STANDARD BOOK NUMBER
International Standard Book Number 9789386189875 (set of 2 vols.)
Terms of availability 995.00 (set price)
035 ## - SYSTEM CONTROL NUMBER
System control number B-666058-59
037 ## - SOURCE OF ACQUISITION
Stock number dpl
Source of stock number/acquisition Variety Books/Ven
082 ## - DEWEY DECIMAL CLASSIFICATION NUMBER
Classification number 343.54055
100 ## - MAIN ENTRY--PERSONAL NAME
Personal name Datey, V.S.
245 ## - TITLE STATEMENT
Title Taxmann's indirect taxes :
Statement of responsibility, etc by V.S.Datey
Remainder of title law and practice /
250 ## - EDITION STATEMENT
Edition statement 38th ed
260 ## - PUBLICATION, DISTRIBUTION, ETC. (IMPRINT)
Place of publication, distribution, etc New Delhi
Name of publisher, distributor, etc Taxmann Publications
Date of publication, distribution, etc 2017
270 ## - ADDRESS
Address 59/32, New Rohtak Road
City New Delhi
Postal code 110005
300 ## - PHYSICAL DESCRIPTION
Extent 2V(I-5,432p.; I-5,488p.)
Dimensions 28cm(pbk)
500 ## - GENERAL NOTE
General note Includes index
942 ## - ADDED ENTRY ELEMENTS (KOHA)
Source of classification or shelving scheme Dewey Decimal Classification
Item type English Books
Call number suffix DAT
Classification part 343.54055
Holdings
Withdrawn status Lost status Materials specified (bound volume or other part) Not for loan Collection code Home library Current library Date acquired Source of acquisition Cost, normal purchase price Full call number Barcode Copy number Cost, replacement price Koha item type
    v.1   Non-fiction Ashok Vihar Ashok Vihar 31/05/2017 BPPD/EN/2015-16/AV/16-17/410/15.2.2017/IN1434/7.3.2017/ 10.3.2017 995.00 343.54055 DAT B-666058 1 995.00 English Books
    v.2   Non-fiction Ashok Vihar Ashok Vihar 31/05/2017 BPPD/EN/2015-16/AV/16-17/410/15.2.2017/IN1434/7.3.2017/ 10.3.2017 995.00 343.54055 DAT B-666059 1 995.00 English Books
          Ashok Vihar Ashok Vihar 31/05/2017     343.54055 DAT       English Books

© Delhi Public Library
Hit Counter
free hit counter